| 000 | 00354nam a22001451a 4500 | ||
|---|---|---|---|
| 020 | _a9788185830902 | ||
| 082 |
_aH 951.036 _bASH/K |
||
| 100 | _aAsha Rani Vohra | ||
| 245 |
_aKrantikari Kishore/ _cby Asha Rani Vohra |
||
| 260 |
_aNew Delhi: _bSatsahitya, _c1997. |
||
| 300 | _a225p. | ||
| 650 | _aHistory Revolution | ||
| 650 | _aHistory | ||
| 942 | _cBK | ||
| 999 |
_c24556 _d24556 |
||